| 000 | 00720nam a2200205 i 4500 | ||
|---|---|---|---|
| 001 | 168099 | ||
| 003 | ES-MaACL | ||
| 005 | 20230906213706.0 | ||
| 008 | 050930m18501900fr | |||||||| ||fre d | ||
| 040 |
_aCAM _bspa _cCAM |
||
| 100 | 1 |
_aZaccone, Pierre. _9134006 |
|
| 245 | 1 | 4 |
_aLes mystères de bicêtre / _cpar P. Zaccone. |
| 260 |
_a[París : _bs.n., _cs.a.] ( _fImprimé par Charles Noblet) |
||
| 300 |
_a80 p. : _bil. ; _c30 cm. |
||
| 594 | _aTit. y autor tomados de comienzo del texto. | ||
| 596 | _aEl imp. consta en colofón. | ||
| 596 | _aProbablemente impreso en la segunda mitad del siglo XIX. | ||
| 597 | _aTexto a dos col. | ||
| 852 |
_aES-MaACL _jR-1705(6) _z-- Enc. hol. _z-- Enc. en un vol. facticio |
||
| 999 |
_c168099 _d168099 |
||